000 00595nam a2200181 i 4500
001 36153
003 ES-MaACL
005 20260504130822.0
007 t|
008 030217s1973 sp ||||1| spa d
100 _aBreton, André,
_d1896-1966
_9239133
245 1 0 _aDocumentos políticos del surrealismo
_b: año 1935 /
_cAndré Breton ; [traducción, José Martín Arancibia].
260 _aMadrid :
_bFundamentos,
_c[1973]
300 _a124 p. ;
_c18 cm.
700 1 _aMartín Arancibia, José.
_977394
852 _aES-MaACL
_jC-53098
_bR.85590
999 _c36153
_d36153